| 000 | 00398cam a22001337a 4500 | ||
|---|---|---|---|
| 008 | 180718b1996 xxu||||| |||| 00| 0 eng d | ||
| 082 | _aA2:Q811 P192 | ||
| 100 | _aRamesh Pandit | ||
| 245 |
_aViolence: a bibliography _cby Ramesh Pandit and Prabhash Prasad Singh |
||
| 260 |
_aJaipur _bRawat _c1996 |
||
| 300 | _a227p. | ||
| 650 | _aViolence - India - Bibliography | ||
| 700 | _aSingh, Prabhash Prasad | ||
| 999 |
_c380097 _d380097 |
||